| 000 | 00990nam a2200253 i 4500 | ||
|---|---|---|---|
| 001 | 181064 | ||
| 003 | ES-MaACL | ||
| 005 | 20231220200306.0 | ||
| 008 | 121015s2011 sp | |||||||| | spa d | ||
| 020 | _a978-84-92995-53-0 | ||
| 080 | _a347.5(460) | ||
| 245 | 0 | 0 |
_aDerecho de daños / _ccoordinador, Mariano José Herrador Guardia ; autores, Joaquín Ataz López, Alberto J. Bueres, Ángel Carrasco Perera ... [et al.]. |
| 260 |
_aLas Rozas, Madrid : _bSepin, _cD.L. 2011. |
||
| 300 |
_a862 p. ; _c25 cm. |
||
| 504 | _aIncluye referencias bibliográficas. | ||
| 650 | 0 | 4 |
_aResponsabilidad civil- _zEspaña. _916867 |
| 650 | 0 | 0 |
_aDaños y perjuicios _zEspaña _9234449 |
| 650 | 0 | 0 |
_aSeguros de responsabilidad civil _zEspaña _9234450 |
| 700 | 1 |
_aHerrador Guardia, Mariano José _epbd _9151606 |
|
| 700 | 1 |
_aAtaz López, Joaquín. _9151607 _eaut |
|
| 852 |
_aES-MaACL _jA-12274 _9187947 _bR.148289 _cDEPO1 _dOlim: N-5279 |
||
| 942 |
_2udc _cMONOGRAFIA |
||
| 999 |
_c181064 _d181064 |
||